[Event "SLO-chT 12th"]
[Site "Bled"]
[Date "2002.11.22"]
[Round "6"]
[White "Stevic, Hrvoje"]
[Black "Atalik, Suat"]
[Result "1/2-1/2"]
[WhiteElo "2512"]
[BlackElo "2575"]
[Annotator "Atalik,S"]
[PlyCount "157"]
[EventDate "2002.11.18"]
[EventType "team-tourn"]
[EventRounds "9"]
[EventCountry "SLO"]
[SourceTitle "CBM 092"]
[Source "ChessBase"]
[SourceDate "2003.02.06"]
[SourceVersion "1"]
[SourceVersionDate "2003.02.06"]
[SourceQuality "1"]
[WhiteTeam "Vrhnika"]
[BlackTeam "Ptuj"]
[WhiteTeamCountry "SLO"]
[BlackTeamCountry "SLO"]

1. e4 e6 2. d4 d5 3. e5 c5 4. c3 Nc6 5. Nf3 Qb6 {If black wants to reach this
position he has a better way of doing it.} 6. Be2 Nh6 7. Bxh6 gxh6 (7... Qxb2
$2 8. Be3 Qxa1 9. Qc2 cxd4 10. Nxd4 Nxd4 11. Bxd4 Ba3 12. Bb5+ $18 {is a well
known opening trap.}) 8. Qd2 Bd7 9. O-O Rc8 $5 {I have thought that it is a
useful move.} 10. Na3 {The most common type of move.} cxd4 11. cxd4 Qb4 $5 $146
{A very risky improvement attempt.} (11... Bg7 12. Rab1 O-O) 12. Qe3 (12. Qxb4
Nxb4 13. Rfc1 Rxc1+ (13... Kd8 $2 14. Rxc8+ Kxc8 15. Nb5 Bxb5 16. Bxb5 $16 {
The possiblity of Be8 is annoying.}) 14. Rxc1 Kd8 15. Nb5 Bxb5 16. Bxb5 a6 17.
a3 axb5 18. axb4 Bxb4 $17) (12. Qf4 $4 Qxb2 $19 {is adouble attack.}) 12... Ne7
$6 {Seemingly logical follow up based on tactics.} 13. Bd3 $2 Qxb2 {I was in
between two twin variants.} (13... Nf5 14. Qf4 (14. Qe2 Nxd4 15. Nxd4 Qxd4 16.
Nb5 Bxb5 17. Bxb5+ Ke7) (14. Bxf5 Qxb2 15. Rfb1 Qxa3 16. Rb3 Qa5 17. Bd3 Bc6
$13) 14... Qxb2 15. Nb5 {is a possible transposition to the game.}) 14. Nb5 Nf5
{The tactical point in blacks play.I have calculated certain lines already
during the earlier phases of the game.} 15. Qf4 $6 {Hrvoje enters the tactics
which are not bringing white on the top.} (15. Bxf5 Qxb5 16. Rab1 (16. Rfb1 Qa5
17. Bd3 Rc7) 16... Qa5 17. Bd3 Rc7) (15. Qe1 $142 Bxb5 (15... a6 16. Rb1 Qxa2
17. Na7 Rc7 18. Bxf5 b5 (18... exf5 19. e6 fxe6 20. Qe5 Qa5 21. Qxh8 b5 22.
Qxh7 Rxa7 23. Ne5) 19. Ra1 Qc4 20. Rxa6 $16) 16. Rb1 Qc3 17. Bxb5+ Kd8 18. Qd1
Rc7 $13) 15... Bxb5 16. Rab1 {The right rook!} (16. Rfb1 $2 Rc1+ 17. Rxc1 Bxd3
18. Rc8+ Kd7 19. Rac1 Bc4 $19) 16... Qxb1 $1 {The pseudo queen sac saves the
day for black at the end of the line.} 17. Bxb1 (17. Rxb1 $2 Bxd3 $19 {too
many pieces for black.}) 17... Bxf1 18. Kxf1 (18. Bxf5 $6 Bb5 $17) 18... Ne7
$15 {After some forced moves black is on the top.} 19. h4 {A regular move
white has to be practical he has to squeeze me on the kingside.} ({First of
all the entrance on f6 just loses tempi and does not win material.} 19. Qf6
Rc1+ (19... Rg8 20. Qf4) 20. Ne1 (20. Ke2 Rg8) 20... Rg8 21. Bxh7 Rg4 $17) (19.
Qe3 Bg7 20. Qa3 a6 21. Qb4 Rc7 22. Qb6 Kd7 23. Qd6+ Kc8 24. Bd3 Nc6 $15 {
and black consolidates.}) 19... Bg7 20. Nh2 $2 {Bringing the game into the
verge of an unexplainable exchange.} (20. h5 Nc6 (20... Rc7 21. Nh2 Nc6 22. Ng4
Nxd4 23. Qxd4 Rc1+ 24. Ke2 Rxb1 25. Qa4+ Kd8 26. Qxa7 Kc7 27. Qc5+ Kb8 28. Qe7)
(20... O-O 21. Qe3 (21. g4) (21. Nh2 Rc4 (21... f6 22. exf6 Rxf6 23. Qe3) 22.
Ng4 Kh8 23. Nxh6 f6 $17) 21... Rc4 22. Qd3 Rc1+ 23. Ke2 Rfc8 24. Qxh7+ Kf8 25.
g4 Rh1 26. Qd3 Rcc1 27. Bc2 a6 28. Qb3 Nc6 $11) (20... Rc4 21. Bd3 Rc7 22. Bb5+
Nc6 23. Nh2 a6 24. Ba4 b5 25. Bd1 O-O 26. Ng4 Rfc8 27. Nxh6+ Bxh6 28. Qxh6 Nxd4
29. Qg5+ Kf8 $15) 21. Qe3 (21. g3 O-O) 21... Rc7 $15) 20... Ng6 21. Bxg6 (21.
Qe3 Nxh4 {And killing an attacker helps only black.}) 21... hxg6 $15 {Look at
this I am a pawn up,2Rs against queen though they need to be activated and
better piece ,say B vs N though it should be activated.The only counterchance
for black is around my weak f6 square.} 22. Ng4 h5 {Probably still ok.} 23.
Nf6+ Bxf6 {Quite practical.} (23... Kf8 24. Nd7+ Ke7 25. Nc5 Rc7 26. Qg5+ Ke8
27. Nxe6 fxe6 28. Qxg6+ Kd8 29. Qxe6 Rd7 30. f4 $44) 24. exf6 Kd7 {Now
seemingly I was doing ok though the strenght of Pf6 should not be negelected.}
25. Qe3 $1 (25. Qd2 Rc4 26. Qa5 a6 27. Qb6 Kc8 28. Ke2 Re8 29. Kd3 e5 30. dxe5
Rxe5 31. Qd6 Re8 32. Qxd5 Rc7 33. Qg5 Rc6 $19) 25... Rhe8 26. Qa3 a6 27. Qb2
Rc7 28. Ke2 {Here we were both low on time and I have got worried about king's
entry.} b5 29. Ke3 Rc4 {King should not penetrate into my kningside.So I have
decided to eliminate Pf6 at any cost!} (29... Rec8 30. Qb4 Rc3+ 31. Kf4 R8c7
32. Kg5 Kc8 33. Kh6 Rc2 34. Kg7 Rxf2 35. a4 bxa4 36. Qb6 Rfc2 37. Qxa6+ Kb8 38.
Qxa4 $11) 30. Qa3 $1 Rc6 (30... Ra4 $2 31. Qc5) 31. Kf4 e5+ 32. dxe5 Rc4+ 33.
Kg3 $1 {To the right side.} (33. Kg5 Rxe5+ 34. Kh6 Re6 35. Kg7 Rcc6 $19) 33...
Rxe5 34. Qf8 $5 {Risky play.} (34. Qxa6 d4 35. Qa7+ $1 Ke6 36. Qe7+ Kf5 37.
Qxf7 Re6 38. Qg7 Rxf6 39. Qd7+ Ke4 40. Qe7+ Kf5 41. f4 Rc3+ 42. Kf2 Re3 43.
Qc5+ Ke6 44. g3 Rf5 45. Qxd4 Ree5 $11) 34... Ke6 35. Qe7+ Kf5 36. Qxf7 Re6 37.
Qd7 (37. f3 $6 {White had a trickier but bad alternative.} d4 $1 {and my d
pawn is still alive.} (37... Rcc6 $4 38. Qg8 Kxf6 (38... Rxf6 39. Qxd5#) 39.
Qf8+ Ke5 40. Qf4#)) 37... Kxf6 38. Qxd5 $11 {Now white is safe but the game
continues.} Rec6 39. a3 Ke7 {Black's king should pass to queenside to support
a potential passer there.} 40. f3 R4c5 41. Qd4 a5 42. Qe3+ $1 Kf7 43. Qd2 $1 {
Hrvoje rightfully stabilizes the queenside pawn structure.} (43. Qf4+ Ke6 44.
Qe3+ (44. Qh6 b4 45. Qxg6+ Kd7 46. Qf7+ Kc8 47. axb4 axb4 $44) 44... Re5 45.
Qh6 b4 46. Qxg6+ Kd5 47. Qd3+ Kc5 $44 {And my passer may be dangerous.}) 43...
a4 44. Qd3 (44. Qd7+ Kf6 45. Qd8+ Ke5 46. Qe7+ Kd4 47. Qe4+ Kc3 48. Qb1 $1 {
still it is a draw.}) 44... Ke7 45. Kh3 Re5 $1 {Finally some collaboration
might be attained between my rooks.} 46. Kg3 Rd6 47. Qc3 Ke6 48. Kf4 $6 (48.
Qc8+ Kd5 49. Qb8 Kc6 50. Qc8+ Kb6 51. Qb8+ $11) 48... Rf5+ 49. Ke4 Kd7 50. Qg7+
Kc6 51. Qg8 Kc5 52. Qc8+ Rc6 53. Qd7 Kb6 54. Qd8+ Kb7 55. Qd7+ Rc7 56. Qd6 Rfc5
$1 57. Kf4 {Human reaction white did not want to get some pawns.} (57. Qxg6
Rc4+ (57... b4 58. axb4 Rc4+ 59. Kd3 a3 60. b5 (60. Qxh5 Rc3+ 61. Ke2 Rc2+ 62.
Ke3 a2 $11) 60... Ra4) 58. Ke3 Rc3+ 59. Kd2 Rxa3 60. Qxh5 Rb3 61. Qd5+ Kb6 $13)
57... b4 $1 {The only idea.} 58. axb4 Rb5 59. Kg3 $1 {I did not see that.} g5 (
59... a3 $2 60. Qd3 $1 {is the trick.}) 60. hxg5 Rxg5+ 61. Kh3 (61. Kf4 $6 Rb5
62. Qd4 a3) 61... Rcg7 62. g4 hxg4+ 63. fxg4 a3 (63... Rxg4 64. Qd5+ $11 {
white equalizes like in the game.}) 64. b5 Rxg4 65. Qc6+ Kb8 66. Qd6+ Kc8 67.
Qc6+ Kd8 68. Qd6+ Ke8 69. Qe6+ Kf8 70. Qd6+ Kg8 71. Qxa3 R4g6 {Two rooks can
not checkmate white whose queen will come to help by pinning mechanism.} 72.
Qa8+ Kf7 73. Qb7+ Ke6 74. Qc6+ Kf7 (74... Ke5 75. Qc5+ {and we could walk the
whole e line and come back.}) 75. Qd7+ Kg8 76. Qe8+ Kh7 77. Qe4 $8 {Only move
but sufficient for a drawn game.} Kh8 78. Qe8+ Kh7 (78... Rg8 79. Qe5+ Kh7 80.
Qc7+ (80. Qe7+ $11) (80. Qe4 $4 Rh8 $1 $19 {This is the only trick in the
position.}) 80... Kh8 81. Qe5+ $11) 79. Qe4 1/2-1/2

[Event "Olympiad-37"]
[Site "Turin"]
[Date "2006.06.02"]
[Round "11"]
[White "Predojevic, Borki"]
[Black "Atalik, Suat"]
[Result "0-1"]
[WhiteElo "2566"]
[BlackElo "2632"]
[Annotator "Atalik,S"]
[PlyCount "108"]
[EventDate "2006.05.21"]
[EventType "team-swiss"]
[EventRounds "13"]
[EventCountry "ITA"]
[SourceTitle "CBM 113"]
[Source "ChessBase"]
[SourceDate "2006.07.31"]
[SourceVersion "1"]
[SourceVersionDate "2006.07.31"]
[SourceQuality "1"]
[WhiteTeam "Bosnia&Herzegovina"]
[BlackTeam "Turkey"]
[WhiteTeamCountry "BIH"]
[BlackTeamCountry "TUR"]

1. e4 e6 2. d4 d5 3. e5 c5 4. c3 Nc6 5. Nf3 Bd7 6. Be2 Rc8 7. O-O a6 $5 {
This is an interesting line.From time to time some really good players picked
it up.} 8. Na3 $6 {This is exactly what black was trying to prevent by his
last.} cxd4 9. cxd4 Bxa3 10. bxa3 Nge7 11. Rb1 Na5 12. h4 Bc6 13. Qd2 Nc4 $2 {
I should not have closed the c line.} (13... Ba4 $1 $15) 14. Qf4 Qd7 (14... h6
15. Bd3 Bb5 16. a4 $1 $16) (14... O-O 15. Bd3 $40) 15. Bd3 h6 16. Qg3 Kf8 {
The damage given by black's inexactitude on the 13th .Nc4 does bad for black
rather than any good.} 17. h5 Bb5 18. Nh4 Na5 19. Bxb5 axb5 20. Bd2 Nc4 21. Bb4
Kg8 22. Rb3 Nc6 23. Qf4 $2 {Never give that bishop.} (23. Bc3 Ne7 (23... Ra8 $2
24. f4 Ne7 25. f5 Nxf5 26. Nxf5 exf5 27. Qd3 $16) 24. Bb4 $11 (24. f4 Nf5))
23... Nxb4 24. axb4 Qe7 25. Rg3 Ra8 (25... Kh7 $2 26. Nf5 $1 $18) 26. a3 Kh7 (
26... Rxa3 $2 27. Rxa3 Nxa3 28. Ra1 Qg5 29. Qxg5 hxg5 30. Nf3 g4 31. Rxa3 gxf3
32. Ra8+ Kh7 33. Rxh8+ Kxh8 34. g4 $18) 27. Rc1 Rhg8 $2 {A very bad mistake.} (
27... Ra6 $1 28. Rcc3 Rha8 29. Qg4 (29. Rcf3 Rxa3 30. Qxf7 Ra1+ $19) 29... Qf8
30. Rcf3 Nd2 (30... Rxa3 $2 31. Ng6) 31. Rf4 Ne4 32. Ng6 Qe8 33. Rxe4 dxe4 34.
Ne7 Qf8 35. d5 exd5 36. Nxd5 Rxa3 37. Qxe4+ Kh8 $17) (27... Rxa3 $4 28. Nf5 $1
$18 (28. Ng6 $5 $18)) 28. Rcc3 g5 $8 29. hxg6+ fxg6 30. Nf3 Raf8 31. Qc1 Rf5
32. Rh3 g5 33. Nh2 $1 $16 {After this black has to give an exchange but I
somehow never get annoyed about it because of Nc4's strenght.} Rf4 34. Rcg3 Qf7
35. Ng4 Rg6 36. Rf3 Kg7 37. Nf6 Rgxf6 38. exf6+ Rxf6 $1 {This keeps a more
compact pawn structure.} (38... Qxf6 39. Rxf4 Qxf4 40. Qxf4 gxf4 41. Rf3 (41.
Kf1 Kg6 42. Ke2 $16) 41... Kg6 42. Rxf4 Nxa3 $16) 39. Rxf6 Qxf6 40. Qe1 g4 41.
Rd3 h5 42. g3 $2 {A weird mistake.} (42. Qe2 Qf5 $44) 42... e5 43. f3 gxf3 (
43... exd4 44. f4 (44. fxg4 $2 Ne5) 44... Ne3 45. Qc1 $11) 44. dxe5 Nxe5 45.
Rd1 $4 {He drifted away.} ({He should have taken the pawn without any
hesitation.} 45. Rxd5 $1 Ng4 46. Rd7+ Kf8 47. Rd2 Qb6+ 48. Kf1 Ne3+ 49. Kg1 $11
) (45. Rc3 Kg6 $5 $17 (45... Ng4 $2 46. Rc7+ Kg6 47. Qb1+ Qf5 48. Rg7+ Kxg7 49.
Qxf5 f2+ 50. Kh1 $8 $18 {The only move but sufficient.}) (45... h4 $6 46. Rc7+
$11)) 45... Ng4 $19 46. Qe8 Qb6+ 47. Kh1 Nf2+ 48. Kh2 Nxd1 49. Qe7+ Kg6 {
My king has to take a little promenade.} 50. Qe8+ Kf5 51. Qf7+ Ke4 52. Qf4+ Kd3
53. Qxf3+ Ne3 54. Qxh5 {I had to take a choice:} Qh6 $1 {I have preferred to
exchange queens.} (54... Qf6 $1 $19 {was leading to a checkmate.}) 0-1

[Event "Bundesliga 0405"]
[Site "Germany"]
[Date "2004.12.11"]
[Round "5.5"]
[White "Zude, Arno"]
[Black "Moreno Carnero, Javier"]
[Result "0-1"]
[WhiteElo "2398"]
[BlackElo "2512"]
[Annotator "Atlas,V"]
[PlyCount "142"]
[EventDate "2004.11.12"]
[EventType "team-tourn"]
[EventRounds "15"]
[EventCountry "GER"]
[SourceTitle "CBM 105"]
[Source "ChessBase"]
[SourceDate "2005.04.11"]
[SourceVersion "1"]
[SourceVersionDate "2005.04.11"]
[SourceQuality "1"]
[WhiteTeam "Hofheim"]
[BlackTeam "Katernberg"]
[WhiteTeamCountry "GER"]
[BlackTeamCountry "GER"]

1. e4 e6 2. d4 d5 3. e5 c5 4. c3 Qb6 5. Nf3 Nc6 6. a3 c4 7. Nbd2 Na5 8. Be2 Bd7
9. Rb1 Ne7 10. O-O Qc7 11. Re1 Nc8 12. Nf1 Nb6 13. Bf4 h6 14. h4 O-O-O 15. Bg3
Be7 16. N3d2 Rdg8 17. Bh5 g6 18. Bg4 h5 19. Bh3 g5 20. hxg5 Bxg5 21. Nf3 Bh6
22. Bh4 Ba4 23. Qe2 Nd7 24. Ne3 Kb8 25. Nd2 Nf8 26. Bf6 Rh7 27. Ndf1 Nc6 28.
Ng3 Bxe3 29. Qxe3 h4 30. Ne2 Nd7 31. Qf4 Nxf6 32. Qxf6 Rg6 33. Qf4 Bc2 34. Rbc1
Bd3 35. Qe3 Bxe2 36. Rxe2 Qd8 37. Kh2 Qg8 38. Rh1 Rg5 39. Qf4 Qg6 40. Rg1 a6
41. Qd2 Na5 42. Qc2 Qg8 43. Re3 Nb3 44. Rf3 Rh6 45. Rf4 Kc7 46. Qe2 Kd7 47. Qf3
Ke7 48. Rf6 Qg7 49. Rxh6 Qxh6 50. Qe3 Qh5 51. Rf1 Qg6 52. f4 $2 ({Untimely
activity. More prudent was Aktivität zum falschen Zeitpunkt. Vorsichtiger war.
} 52. Kh1) 52... Rg3 53. Rf3 $4 ({A decisive mistake. After Ein entscheidender
Fehlgriff. Nach} 53. Qf2 Qd3 54. f5 Nd2 55. Re1 Rxh3+ 56. gxh3 Nf3+ 57. Kg2 (
57. Kh1 $4 {is bad in view of ist schlecht wegen} Qxf5) 57... Nxe1+ 58. Qxe1 {
White has good drawing chances. hat Weiß gute Remischancen.}) {[%tqu "En",
"White's last move was a serious mistake. How would you prove it?","Try to
deflect the white queen.","Bring your knight into play!","b3d2","This
spectacular knight move decides the game for Black.",5,"De","Der letzte weiße
Zug war ein schwerer Fehler. Wie würden Sie dies nachweisen?","Versuchen Sie,
die weiße Dame abzulenken.","Bringen Sie Ihren Springer ins Spiel!","b3d2",
"Dieser originelle Springerzug entscheidet die Partie für Schwarz.",5]} 53...
Nd2 $1 {[%csl Gd2,Re3,Rf1,Rf3,Gg3,Gg6,Rh2] A remarkable refutation of White's
careless play. The knight move yields Black a decisive advantage. Eine
originelle Widerlegung des sorglosen weißen Spiels. Der Springerzug verschafft
Schwarz entscheidenden Vorteil.} 54. Qxd2 ({After Nach} 54. Rxg3 {the shortest
way to victory is lautet der kürzeste Gewinnweg} Nf1+ $1 ({the prosaic das
prosaische} 54... hxg3+ 55. Kh1 Qb1+ 56. Qg1 Qxb2 {is, of course, winning too
gewinnt natürlich ebenfalls}) 55. Kg1 Qb1 $3 {, and White suffers huge
material losses. und Weiß erleidet gewaltige Materialverluste.}) 54... Rxf3 55.
gxf3 Qg3+ 56. Kh1 Qxh3+ 57. Kg1 Qxf3 {The ending is absolutely hopeless for
White. Das Endspiel ist absolut hoffnungslos für Weiß.} 58. Kh2 Kf8 59. a4 b6
60. Qg2 Qxf4+ 61. Kh3 Qg3+ {The simplest way to the victory. The pawn ending
is elementary won for Black. Der einfachste Weg zum Sieg. Das Bauernendspiel
ist elementar für Schwarz gewonnen.} 62. Qxg3 hxg3 63. Kxg3 Kg7 64. Kf3 Kg6 65.
Kg4 f6 66. exf6 Kxf6 67. Kf4 e5+ 68. dxe5+ Ke6 69. Kf3 Kxe5 70. Ke3 d4+ 71.
cxd4+ Kd5 0-1

[Event "EU-Cup 19th"]
[Site "Rethymno"]
[Date "2003.09.29"]
[Round "2.6"]
[White "Ribshtein, Nati"]
[Black "Apicella, Manuel"]
[Result "0-1"]
[WhiteElo "2324"]
[BlackElo "2522"]
[Annotator "Atlas,V"]
[PlyCount "54"]
[EventDate "2003.09.28"]
[EventType "team-swiss"]
[EventRounds "7"]
[EventCountry "GRE"]
[SourceTitle "CBM 098"]
[Source "ChessBase"]
[SourceDate "2004.02.03"]
[SourceVersion "1"]
[SourceVersionDate "2004.02.03"]
[SourceQuality "1"]
[WhiteTeam "Tel Aviv Shlomo Har Zvi"]
[BlackTeam "Clichy Echecs 92"]
[WhiteTeamCountry "ISR"]
[BlackTeamCountry "FRA"]

1. e4 e6 2. d4 d5 3. e5 c5 4. c3 Nc6 5. Nf3 Qb6 6. Be2 cxd4 7. cxd4 Nh6 8. b3
Nf5 9. Bb2 Be7 10. O-O Bd7 11. a3 h5 12. b4 a6 13. Qd2 Rg8 14. h4 $6 {A
dubious move, allowing Black to develop a dangerous attack on the kingside.
Ein zweifelhafter Zug, nach dem Schwarz zu gefährlichem Angriff am
Königsflügel kommt.} Nxh4 15. Nxh4 Bxh4 16. Bxh5 Rh8 17. Bg4 O-O-O 18. g3 Be7
19. Nc3 f5 20. exf6 gxf6 21. Rac1 Rdg8 22. Bf3 Kb8 23. Bxd5 $2 ({After this
mistake Black gets decisive advantage. Correct was Nach diesem Fehler erhält
Schwarz entscheidenden Vorteil. Korrekt war} 23. Na4 {, with some
counterchances. mit einigen Gegenchancen.}) 23... Nxd4 24. Qe3 exd5 25. Nxd5 (
25. Qxe7 {leads to a remarkable mate final: führt zu einem sehenswerten
Mattfinale:} Nf3+ 26. Kg2 Rh2+ 27. Kxf3 Bg4+ 28. Kf4 Rxf2+ 29. Rxf2 Qxf2#) {
[%tqu "En","How can Black conclude his attack?","Try to open the g1-a7
diagonal and deflect the enemy queen.","Sacrifice your knight!","d4e2","This
excellent move wins immediately.",5,"De","Wie kann Schwarz seinen Angriff
abschließen?","Versuchen Sie, die Diagonale g1-a7 freizulegen und die
feindliche Dame abzulenken.","Opfern Sie Ihren Springer!","d4e2","Dieser
ausgezeichnete Zug gewinnt sofort.",5]} 25... Ne2+ $1 {[%csl Re3,Rf2,Rg1,Rg3]
[%cal Gb6g1,Gg8g1] A decisive blow. Now the white king is doomed. Der
Entscheidungsschlag. Jetzt ist der weiße König verloren.} 26. Kg2 ({The knight
is invulnerable: Der Springer ist tabu:} 26. Qxe2 Rxg3#) 26... Qxe3 27. fxe3 ({
Or Oder} 27. Nxe3 Nxc1 {, winning. und gewinnt.}) 27... Rxg3+ (27... Rxg3+ {
, and White resigned in view of further material losses: und Weiß gab auf,
denn ihm stehen weitere Materialverluste ins Haus:} 28. Kf2 Rh2+ 29. Ke1 Nxc1)
0-1

[Event "San Francisco Mechanics"]
[Site "San Francisco"]
[Date "1998.07.14"]
[Round "5"]
[White "Benjamin, Joel"]
[Black "Rey, Guillermo"]
[Result "1-0"]
[WhiteElo "2595"]
[BlackElo "2335"]
[Annotator "Baburin,A"]
[PlyCount "69"]
[EventDate "1998.07.10"]
[EventType "tourn"]
[EventRounds "9"]
[EventCountry "USA"]
[EventCategory "10"]
[SourceTitle "CBM 066"]
[Source "ChessBase"]
[SourceDate "1998.09.30"]
[SourceVersion "1"]
[SourceVersionDate "1998.09.30"]
[SourceQuality "1"]

1. e4 e6 2. d4 d5 3. e5 c5 4. c3 Nc6 5. Nf3 Bd7 6. Be2 Nge7 7. O-O cxd4 8. cxd4
Nf5 9. Nc3 Rc8 10. a3 a6 11. Be3 Be7 12. Bd3 Nxe3 13. fxe3 O-O 14. Ne2 Na5 15.
Nf4 g6 16. Qe2 Nb3 17. Rad1 Qb6 18. h4 {This is all very standard - White
wants to soften the g6-bulwark by a subsequent h4-h5. Unfortunately for White,
he cannot now keep his light-squared bishop on the board, which greatly
reduces White's attacking potential.} Bb5 $1 19. Qf2 ({Perhaps the more direct
approach -} 19. h5 $5 Bxd3 20. Qxd3 g5 21. Nh3 h6 22. Nh2 {would have been
better.} {Then, Black probably has to play} Qb5 23. Ng4 Kg7 {and now White can
enter wild complications after} 24. Rxf7+ Rxf7 25. Qg6+ Kf8 26. Qxh6+ Ke8 27.
Nxg5) 19... Bxd3 20. Nxd3 Na5 21. b4 Nc4 22. Ra1 a5 23. h5 Kg7 24. Nf4 g5 25.
Nxg5 $4 {This is too much; White had to play 25 Nd3.} Bxg5 26. Qg3 Qd8 $4 (
26... Kh6 $1 {would have won easily.}) 27. Nh3 h6 28. Rf6 $1 $18 Rg8 29. Nxg5
hxg5 30. Qxg5+ Kf8 31. Qh6+ Ke8 32. Rxf7 Kxf7 33. Rf1+ Ke8 34. Qxe6+ Qe7 35.
Qxc8+ 1-0

[Event "AUT-ch"]
[Site "Moesern"]
[Date "1997.08.13"]
[Round "12"]
[White "Brestian, Egon"]
[Black "Casagrande, Harald"]
[Result "0-1"]
[WhiteElo "2440"]
[BlackElo "2345"]
[Annotator "Balinov,I"]
[PlyCount "76"]
[EventDate "1997.08.??"]
[EventType "tourn"]
[EventRounds "15"]
[EventCountry "AUT"]
[EventCategory "6"]
[SourceTitle "CBM 059 Extra"]
[Source "ChessBase"]
[SourceDate "1997.09.26"]
[SourceVersion "1"]
[SourceVersionDate "1997.09.26"]
[SourceQuality "1"]

1. e4 e6 2. d4 d5 3. e5 c5 4. c3 Nc6 5. Nf3 Qb6 6. a3 a5 (6... c4) (6... Bd7)
7. Bd3 (7. Be2 Nge7 8. O-O cxd4 9. cxd4 Nf5) 7... Bd7 (7... cxd4 8. cxd4 Nxd4
9. Nxd4 Qxd4 10. Bb5+ $18) 8. O-O Nh6 (8... cxd4 9. cxd4 Nxd4 10. Nxd4 Qxd4 {
-teoretische Stellung mit Unterschied,dass die Bauer auf a3 und a5 sind,  was
von Vorteil für Weiss ist.}) 9. dxc5 (9. Bxh6 $2 gxh6 {und dan Lg7,0-0
undf7-f6 mit gutem Spiel für Ssschwarz.} (9... Qxb2 $5)) 9... Bxc5 10. Bxh6 (
10. Nbd2 a4 (10... Ng4 11. Qe2 f6 12. exf6 gxf6 13. Rb1 $13) 11. Rb1) 10...
gxh6 (10... Qxb2 11. Bxg7 Rg8 12. Nbd2 Rxg7 13. Rb1 Qxa3 14. Qc2 $14) 11. Nbd2
(11. Qc2 $1) 11... Qxb2 12. c4 (12. Rb1 Qxa3 (12... Qxc3 13. Rb3) 13. Qc2 Ba7 (
13... Bf8 $5 14. Rxb7 Bg7 15. Re1 a4) 14. Rxb7 Nd8 15. Rb2 $15) 12... Nxe5 13.
Rb1 Nxf3+ 14. Nxf3 Qf6 (14... Qxa3 $5 15. cxd5 (15. Rxb7 Bc6 16. Rc7 Ba4 17.
Bc2 Bxc2 18. Qxc2 Bd6 19. Rc6 dxc4 $17) 15... b6 $17) 15. cxd5 b6 (15... exd5
16. Rxb7 Bc6 17. Bb5 O-O 18. Bxc6 Qxc6 19. Rb3 Rfe8 $17) 16. Qe2 Bc8 (16... Rd8
17. Rfd1 O-O $15) 17. Bb5+ (17. Rfe1 $1) 17... Kf8 18. Ne5 (18. Bc4 exd5 19.
Bxd5 Ra7 $15) 18... Rg8 19. Kh1 (19. Bc6 Ra7 20. Qb2 Qg5 21. dxe6 Bxe6 22. Rfd1
$15) 19... exd5 20. Rb3 Ra7 (20... Bf5 $5) 21. Rf3 Qh4 (21... Qg5 22. Rg3 Qe7
23. Rxg8+ Kxg8 24. Rd1 Qe6) (21... Qe6 $5) 22. Nxf7 Re7 23. Nd6+ Kg7 24. Qb2+ (
24. Rg3+ Kh8 25. Qe5+ Rgg7 $8 26. Qxd5 $16) 24... Bd4 25. Qc2 (25. Qb3 Be6 26.
Rg3+ Kh8 27. Rxg8+ Kxg8 28. f4 $13) 25... Be5 26. Rg3+ (26. g3 Qg4 27. Nf5+
Bxf5 28. Qxf5 Qxf5 29. Rxf5 Rd8 $15) 26... Bxg3 27. fxg3 Qg4 28. h3 (28. Qb2+
$1 d4 29. Bc4 Rf8 30. Rxf8 Kxf8 31. Qf2+ Kg7 32. Ne8+ Kg6 33. Qf6+ Kh5 34. Bf7+
Rxf7 35. Qxf7+ Kg5 (35... Qg6 36. Ng7+ Kg5 37. Qf4#) 36. h4+) 28... Qe6 29.
Qc3+ (29. Nf5+ Kh8 30. Nxe7 Qxe7 31. Qc6 $11) 29... Qe5 30. Rf7+ Kh8 31. Qc2
Qe1+ 32. Rf1 (32. Bf1 $5 Rxf7 33. Qb2+ $1 Rgg7 34. Nxf7+ Kg8 35. Nxh6+ Kh8 36.
Nf7+ $11) 32... Qxg3 33. Qb2+ (33. Nf7+ $1 Rxf7 (33... Kg7 34. Qb2+ $18) 34.
Rxf7 Qe1+ 35. Bf1 Qe4 36. Qb2+ d4 37. Qf2 Qe5 38. Bd3 $18) 33... Qg7 34. Qd2
Be6 35. Bd3 Rf8 36. Re1 Bd7 37. Rxe7 Qxe7 38. Qc3+ Qf6 0-1